000 00712nam a22001817a 4500
999 _c16184
_d16184
008 210614b ||||| |||| 00| 0 eng d
020 _a9786210412338
082 _22020
_aDFil 343.07864794
_bC112
100 _aCabulay, Danny A.,
_dauthor
_943341
245 _aLegal aspects in tourism and hospitality/
_cDanny A. Cabulay, Christine Palafox Carpio-Aldeguer, Authors.
250 _aFirst Edition
260 _aManila:
_bRex Bookstore,
_c©2020.
300 _av, 489 pages:
_billustrations;
_c25 cm.
500 _aIncludes bibliographical references ad index.
650 _a Hospitality industry -- Law and legislation
_943342
700 _aCarpio-Aldeguer, Christine Palafox,
_bauthor.
_943343
942 _2ddc
_cDFIL